MARC

LEADER 00000nam0a2200000 4500
001 193164
005 20231031181729.0
035 |a (RuTPU)RU\TPU\book\210673 
090 |a 193164 
100 |a 20110318d1934 m y0rusy50 ca 
101 0 |a rus 
102 |a RU 
105 |a a j 001zy 
200 1 |a Холодильные установки  |e учебное пособие для втузов  |h Ч. 1  |f В. И. Глаголев 
210 |a Ленинград  |c СНАБТЕХИЗДАТ  |d 1934 
215 |a 280 с.  |c ил. 
320 |a Библиогр.: с. 278. 
610 1 |a установки 
610 1 |a холодильники 
610 1 |a планировка 
610 1 |a изоляционные материалы 
610 1 |a конструкции 
610 1 |a производство 
610 1 |a калорический расчет 
610 1 |a охлаждение 
610 1 |a приборы 
610 1 |a гидравлические расчеты 
675 |a 621.56  |v 3 
700 1 |a Глаголев  |b В. И. 
801 1 |a RU  |b 63413507  |c 20110318 
801 2 |a RU  |b 63413507  |c 20110414  |g RCR 
942 |c BK